000 00566nam a2200193 i 4500
001 138156
003 ES-MaACL
005 20250725062538.0
007 t|
008 070214s1976 sp r ||||1| spa d
100 1 _aSánchez Rodríguez, Julián.
_9102891
245 1 0 _aFísica general /
_cpor Julián Sánchez Rodríguez.
250 _a4ª ed.
260 _aMadrid :
_b[s. n.],
_c1976 (
_fImp. Vda. de Galo Saèz)
300 _a497 p. :
_bil. ;
_c25 cm.
650 0 7 _aFísica
_2embne
_912877
852 _aES-MaACL
_jA-6666
_bR.95243
999 _c138156
_d138156